Geography Quiz

Random Geography or City Quiz

Top 50 Cities of Cote D'Ivoire on a Map Quiz Stats

 Plays Quiz not verified by Sporcle

Challenge
Share
Tweet
Score 0/50 Timer 10:00
0 Plays Today
% Correct
Abidjan
92.9%
Yamoussoukro
87.5%
Bouaké
78.6%
Man
73.2%
San Pédro
71.4%
Daloa
69.6%
Korhogo
55.4%
Divo
53.6%
Anyama
48.2%
Abengourou
46.4%
Tabou
30.4%
Gagnoa
28.6%
Odienné
28.6%
Bingerville
28.6%
Grand-Bassam
25%
Touba
25%
Katiola
23.2%
Aboisso
23.2%
Agboville
21.4%
Lakota
21.4%
Séguéla
19.6%
Soubré
17.9%
Danané
17.9%
Dimbokro
17.9%
Adzopé
17.9%
% Correct
Grand-Lahou
17.9%
Ferkéssédougou
16.1%
Bondoukou
16.1%
Oumé
16.1%
Boundiali
16.1%
Sinfra
14.3%
Bouaflé
14.3%
Guiglo
14.3%
Duékoué
12.5%
Daoukro
12.5%
Dabou
10.7%
Toumodi
10.7%
Bonoua
8.9%
Vavoua
8.9%
Issia
7.1%
Zuénoula
7.1%
Arrah
7.1%
Bongouanou
7.1%
Akoupé
7.1%
Bloléquin
5.4%
Tortiya
5.4%
Béoumi
5.4%
Agnibilékrou
3.6%
Bonon
3.6%
Tengréla
3.6%

You're not logged in!

Compare scores with friends on all Sporcle quizzes.
OR
Log In

You Might Also Like...

Show Comments

Extras

Created Mar 19, 2016SourceReportNominate
Tags:City Quiz, côte, map, Top 50

Top Quizzes Today


Score Distribution

Your Account Isn't Verified!

In order to create a playlist on Sporcle, you need to verify the email address you used during registration. Go to your Sporcle Settings to finish the process.

Report this User

Report this user for behavior that violates our Community Guidelines.

Details: